| 000 -LEADER |
| fixed length control field |
00995nam a22002417a 4500 |
| 003 - CONTROL NUMBER IDENTIFIER |
| control field |
OSt |
| 005 - DATE AND TIME OF LATEST TRANSACTION |
| control field |
20180928132108.0 |
| 008 - FIXED-LENGTH DATA ELEMENTS--GENERAL INFORMATION |
| fixed length control field |
180220b xxu||||| |||| 00| 0 spa d |
| 020 ## - INTERNATIONAL STANDARD BOOK NUMBER |
| International Standard Book Number |
9505080850 |
| 040 ## - CATALOGING SOURCE |
| Transcribing agency |
PJ |
| 100 ## - ASIENTO PRINCIPAL - NOMBRE DE PERSONA |
| 9 (RLIN) |
1936 |
| Personal name |
Maurino, Alberto Luis |
| 245 10 - MENCIÓN DE TÍTULO |
| Título propiamente dicho |
Notificaciones procesales : |
| Parte restante del título |
automática, personal o por cédula, tácita, postal y telegráfica, edictal / |
| Mención de responsabilidad, etc |
Alberto Luis Maurino; prólogo de Augusto C. Belluscio. |
| 260 ## - PUBLICATION, DISTRIBUTION, ETC. (IMPRINT) |
| Place of publication, distribution, etc |
Buenos Aires : |
| Date of publication, distribution, etc |
Astrea, |
| Name of publisher, distributor, etc |
1990. |
| 300 ## - DESCRIPCION FISICA |
| Extent |
xxxii, 324 p. |
| Dimensions |
23 cm. |
| 500 ## - NOTA GENERAL |
| General note |
Notas y citas bibliográficas a pie de página. |
| 504 ## - NOTA DE BIBLIOGRAFÍA, ETC. |
| Bibliography, etc |
Bibliografía: p. 303-308. |
| 505 ## - FORMATTED CONTENTS NOTE |
| Formatted contents note |
Contenido:<br/>Domicilio real, legal, especial y procesal.<br/>Demanda y juicio de desalojo.<br/>Nulidad de la notificación. |
| 650 #0 - ASIENTO SECUNDARIO DE MATERIA - TERMINO TEMATICO |
| 9 (RLIN) |
1148 |
| Topical term or geographic name as entry element |
DERECHO PROCESAL CIVIL |
| 650 #0 - ASIENTO SECUNDARIO DE MATERIA - TERMINO TEMATICO |
| 9 (RLIN) |
2150 |
| Topical term or geographic name as entry element |
ACTOS Y DILIGENCIAS PROCESALES |
| 650 #0 - ASIENTO SECUNDARIO DE MATERIA - TERMINO TEMATICO |
| 9 (RLIN) |
2426 |
| Topical term or geographic name as entry element |
NOTIFICACIÓN |
| 700 ## - ADDED ENTRY--PERSONAL NAME |
| 9 (RLIN) |
1040 |
| Personal name |
Belluscio, Augusto César, |
| Relator term |
prologuista |
| 942 ## - ADDED ENTRY ELEMENTS (KOHA) |
| Source of classification or shelving scheme |
|
| Koha item type |
Libros |
| Classification part |
347.923 |
| Item part |
MAU |